| 000 | 00535cam a2200205ua 4500 | ||
|---|---|---|---|
| 001 | 6937 | ||
| 008 | 140723n ii |||gr||||Z||||||asm | ||
| 020 | _a8120288610 | ||
| 020 | _a9788120288614 | ||
| 040 | _cMAIN | ||
| 082 | _a398.054162 | ||
| 100 | 1 |
_aPayeng, Sadananda, _eAuthor. |
|
| 245 | 1 | 2 |
_aMishing janajati : _bsamaj aru sanskriti / _cby Sadananda Payeng . |
| 250 | _a1st ed. | ||
| 260 |
_aNagaon: _bJagaran sahitya prakashan, _c2011. |
||
| 300 | _a95p. | ||
| 653 | _aFolklore | ||
| 653 | _aMishing janajati | ||
| 942 | _cBK | ||
| 999 |
_c6080 _d6080 |
||